LIBRARY & INFORMATION CENTRE, KCAET, TAVANUR

ONLINE PUBLIC ACCESS CATALOGUE (OPAC)

Modern evaluation and grading / (Record no. 11429)

MARC details
000 -LEADER
fixed length control field 00483cam a2200193ua 4500
041 ## - LANGUAGE CODE
Language code of text/sound track or separate title eng
082 ## - DEWEY DECIMAL CLASSIFICATION NUMBER
Classification number 372.27
Item number TAN/MO
100 ## - MAIN ENTRY--AUTHOR NAME
Personal name Taneja, V R .
245 ## - TITLE STATEMENT
Title Modern evaluation and grading /
250 ## - EDITION STATEMENT
Edition statement 1 /
260 ## - PUBLICATION, DISTRIBUTION, ETC. (IMPRINT)
Place of publication Chandigarh :
Name of publisher publication bureau Panjab university ,
Year of publication 1967.
300 ## - PHYSICAL DESCRIPTION
Number of Pages 64 ; .
700 1# - ADDED ENTRY--PERSONAL NAME
Personal name Verma, D P .
942 ## - ADDED ENTRY ELEMENTS (KOHA)
Koha item type Books
Holdings
Withdrawn status Lost status Damaged status Home library Current library Date acquired Full call number Accession Number Koha item type
Withdrawn     KAUAET Sanskrit University 07/04/2012 372.27 TAN/MO 13656 Books
free website counter